000 00525 a2200181 4500
003 OSt
005 20240206111609.0
008 240206b |||||||| |||| 00| 0 eng d
020 _a9789393018175
040 _cOCLC
082 _a920
_bVIS/O
100 _aViswambharadas K. S
_910390
245 _aOru Penkidavinte Diarykkurippukal /
_cK. S. Viswambharadas
250 _a4rth ed.
260 _aKOZHIKODE:
_bOLIVE PUBLICATIONS,
_c2022.
300 _a202P.
942 _2ddc
_cBK
_h920
_iVIS/O
_k920
_mVIS/O
999 _c44310
_d44310